| 000 | 00963nam a2200241Ia 4500 | ||
|---|---|---|---|
| 999 |
_c39965 _d39965 |
||
| 001 | 6571 | ||
| 003 | GE_BSU | ||
| 005 | 20191016161303.0 | ||
| 008 | 181216s1988||||ge |||||||||||||| ||geo|| | ||
| 010 | _a5525000695. | ||
| 040 | _cGE_BSU | ||
| 041 | _ageo | ||
| 080 | _a821.353.1-1 ბ-60 | ||
| 100 |
_aბექიშვილი, ედო _94754 |
||
| 245 |
_aგაზაფხულიდან შემოდგომამდე : _bლექსები / _cთედო ბექიშვილი ; რედ. ნანა გოგოძე. |
||
| 250 | _aპირველი გამოცემა | ||
| 264 |
_aთბილისი : _bნაკადული ; _c1988. |
||
| 300 |
_a110 გვ. ; _c17 სმ. |
||
| 653 | _aგაზაფხულიდან შემოდგომამდე | ||
| 653 | _aლექსები | ||
| 700 |
_aგოგოძე, ნანა _eრედაქტორი _94755 |
||
| 942 |
_cBK _2udc |
||